| 000 | 01344nam a22002057a 4500 | ||
|---|---|---|---|
| 999 |
_c2071 _d2071 |
||
| 020 | _a0077121627 | ||
| 020 | _a9780077121624 | ||
| 050 |
_aHB615 _b.D27 |
||
| 100 | _aDeakins, David | ||
| 110 | _aMark Freel. | ||
| 245 |
_aEntrepreneurship and small firms. _c David Deakins and Mark Freel. |
||
| 250 | _a5th ed. | ||
| 260 |
_aLondon : _bMcGraw-Hill, _c2009 |
||
| 300 |
_axx, 332 pages : _billustrations ; _c25 cm |
||
| 500 | _aIncludes Index | ||
| 505 | _aChapter 1: The Entrepreneur: Concepts and Evidence Chapter 2: Entrepreneurial Activity, The Economy and the Importance of Small Firms Chapter 3: Diversity in Entrepreneurship: The Role of Women and Ethnic Minorities Chapter 4: Sources of Finance: Overview of Issues and Bank Finance Chapter 5: Sources of Venture Finance Chapter 6: Innovation and Entrepreneurship Chapter 7: Information and Communications Technologies and E-business Chapter 8: Entrepreneurial and Growth Firms Chapter 9: International Entrepreneurship Chapter 10: Family Businesses Chapter 11: Social Entrepreneurship Chapter 12: Issues in Business Start-Up Chapter 13: Preparation for Business Start-Up: Research, Design and Implementation of Business Plans | ||
| 650 |
_a Entrepreneurship. _xSmall business -- Management. |
||
| 650 | _aNew business enterprises -- Management. | ||
| 942 | _cBK | ||